Clic Distance entre Paris et... - Monde - 4 - Statistiques

Statistiques générales
  • Ce quiz a été pris 20 fois
  • Le résultat moyen est 3 sur 16
Statistiques - réponses
Hint Réponse % Correct
Monaco 700 km
90%
Podgorica 1500 km
40%
La Valette 1750 km
40%
Nukuʻalofa 17000 km
30%
Port-Louis 9400 km
30%
Melekeok 12250 km
20%
Porto-Novo 4700 km
20%
São Tome 5400 km
20%
Funafuti 15500 km
10%
Praia 4450 km
10%
Manama 4800 km
10%
Bridgetown 6900 km
10%
Thimphu 7600 km
10%
Suva 16600 km
0%
Nassau 7200 km
0%
Moroni 7900 km
0%
Aucun quiz correspondant
Distribution des résultats
% des personnes avec chaque résultat
Percentile par nombre de réponses
Votre historique - résultats
Vous n’avez pas pris ce quiz